| 000 | 00365nam a2200157 a 4500 | ||
|---|---|---|---|
| 001 | 4140 | ||
| 003 | MO | ||
| 005 | 20250510125944.0 | ||
| 008 | 090218s19uu xx 00 eng d | ||
| 050 |
_aFic _bRo79 2003 |
||
| 082 |
_aFic _bRo79 2003 |
||
| 100 | _aRowling, J. K. | ||
| 245 | _aHarry Potter and the order of phoenix. | ||
| 942 |
_2ddc _cBK |
||
| 999 |
_c110971 _d110971 |
||